000
00271nam a2200109Ia 4500
008
200302s9999 xx 000 0 und d
100
_a
Peter Tregenza
245
_a
The Design of Interior Circulation
260
_b
Granada publishing Ltd.
260
_c
1976
300
_a
159 P.,
999
_c
358
_d
358